[Event "Campeonato España Sub 18"]
[Site "Salobreña"]
[Date "2017.08.01"]
[Round "3"]
[White "Domingo Nunez, Ruben"]
[Black "Serra Canals, Oriol"]
[Result "0-1"]
[Board "13"]
[WhiteClock "1:30"]
[WhiteTitle "FM"]
[WhiteElo "2283"]
[WhiteCountry "ESP"]
[WhiteFideId "22245570"]
[WhiteEloChange "-15"]
[BlackClock "1:30"]
[BlackElo "2105"]
[BlackCountry "ESP"]
[BlackFideId "22276084"]
[BlackEloChange "15"]

1. e4 {[%clk 1:30:00]} e6 {[%clk 1:24:00]} 2. d4 {[%clk 1:31:00]} d5 {[%clk
1:24:00]} 3. Nc3 {[%clk 1:31:00]} Bb4 {[%clk 1:22:00]} 4. e5 {[%clk 1:31:00]} c5
{[%clk 1:22:00]} 5. a3 {[%clk 1:32:00]} Bxc3+ {[%clk 1:23:00]} 6. bxc3 {[%clk
1:32:00]} Ne7 {[%clk 1:23:00]} 7. Nf3 {[%clk 1:32:00]} h6 {[%clk 1:22:00]} 8. h4
{[%clk 1:33:00]} b6 {[%clk 1:23:00]} 9. Bb5+ {[%clk 1:32:00]} Bd7 {[%clk
1:23:00]} 10. Bd3 {[%clk 1:32:00]} c4 {[%clk 1:23:00]} 11. Be2 {[%clk 1:32:00]}
Ba4 {[%clk 1:23:00]} 12. h5 {[%clk 1:32:00]} Kd7 {[%clk 1:22:00]} 13. Nh4 {[%clk
1:27:00]} Qg8 {[%clk 1:22:00]} 14. g3 {[%clk 1:27:00]} Qh7 {[%clk 1:22:00]} 15.
Ra2 {[%clk 1:28:00]} Nbc6 {[%clk 1:22:00]} 16. O-O {[%clk 1:25:00]} Kc7 {[%clk
1:20:00]} 17. Bg4 {[%clk 1:20:00]} Kb7 {[%clk 1:16:00]} 18. Kh2 {[%clk 1:09:00]}
Rag8 {[%clk 1:12:00]} 19. f4 {[%clk 0:50:00]} g6 {[%clk 1:08:00]} 20. Rg1 {[%clk
0:30:00]} Rg7 {[%clk 0:59:00]} 21. hxg6 {[%clk 0:24:00]} Nxg6 {[%clk 1:00:00]}
22. Nf3 {[%clk 0:24:00]} Rhg8 {[%clk 0:53:00]} 23. Bh3 {[%clk 0:24:00]} Nce7
{[%clk 0:47:00]} 24. Be3 {[%clk 0:22:00]} Nf8 {[%clk 0:45:00]} 25. Rb2 {[%clk
0:19:41]} Nd7 {[%clk 0:37:00]} 26. Bf2 {[%clk 0:18:42]} Nf5 {[%clk 0:32:00]} 27.
g4 {[%clk 0:09:47]} Ne7 {[%clk 0:32:00]} 28. Qe2 {[%clk 0:06:31]} f6 {[%clk
0:29:00]} 29. exf6 {[%clk 0:03:19]} Nxf6 {[%clk 0:29:00]} 30. Qxe6 {[%clk
0:03:07]} Ne4 {[%clk 0:26:00]} 31. Bh4 {[%clk 0:01:35]} Ng6 {[%clk 0:26:00]} 32.
Qxd5+ {[%clk 0:01:44]} Bc6 {[%clk 0:27:00]} 33. Qxc4 {[%clk 0:01:39]} Nxf4 {[%clk
0:27:00]} 34. Ne5 {[%clk 0:01:27]} Bd5 {[%clk 0:27:00]} 35. Qf1 {[%clk 0:01:46]}
Nxh3 {[%clk 0:26:00]} 36. Qxh3 {[%clk 0:02:09]} h5 {[%clk 0:24:00]} 37. g5 {[%clk
0:00:54]} Nxg5 {[%clk 0:22:00]} 38. Bxg5 {[%clk 0:01:18]} Rxg5 {[%clk 0:22:00]}
39. Rxg5 {[%clk 0:01:46]} Rxg5 {[%clk 0:23:00]} 40. Qd7+ {[%clk 0:02:16]} Qxd7
{[%clk 0:23:00]} 41. Nxd7 {[%clk 0:02:45]} Rg2+ {[%clk 0:23:00]} 42. Kh3 {[%clk
0:03:00]} Rg1 {[%clk 0:24:00]} 43. Nf6 {[%clk 0:01:54]} Rh1+ {[%clk 0:24:00]} 44.
Kg3 {[%clk 0:02:20]} h4+ {[%clk 0:24:00]} 45. Kf2 {[%clk 0:02:13]} Rh2+ {[%clk
0:17:01]} 46. Ke3 {[%clk 0:02:35]} Rh3+ {[%clk 0:17:27]} 47. Kf4 {[%clk 0:00:51]}
Rf3+ {[%clk 0:10:28]} 48. Kg5 {[%clk 0:00:37]} Rxf6 {[%clk 0:10:26]} 49. c4
{[%clk 0:00:38]} Bg2 {[%clk 0:07:49]} 50. Kxf6 {[%clk 0:00:33]} h3 {[%clk
0:08:12]} 51. Rb1 {[%clk 0:00:35]} h2 {[%clk 0:08:38]} 52. d5 {[%clk 0:00:47]}
h1Q {[%clk 0:08:55]} 53. Rxh1 {[%clk 0:01:13]} Bxh1 {[%clk 0:09:19]} 54. Ke7
{[%clk 0:01:34]} Kc8 {[%clk 0:07:46]} 55. Kd6 {[%clk 0:00:55]} Bf3 {[%clk
0:03:58]} 56. c3 {[%clk 0:00:34]} Kb7 {[%clk 0:03:04]} 57. c5 {[%clk 0:00:35]} b5
{[%clk 0:03:30]} 58. c6+ {[%clk 0:00:30]} Kb6 {[%clk 0:03:55]} 59. c7 {[%clk
0:00:25]} Bg4 {[%clk 0:04:16]} 60. Ke5 {[%clk 0:00:25]} 0-1

[Event "Campeonato España Sub 18"]
[Site "Salobreña"]
[Date "2017.08.01"]
[Round "3"]
[White "Ortin Blanco, Ainhoa"]
[Black "Garcia Sobrino, David"]
[Result "0-1"]
[Board "15"]
[WhiteClock "1:30"]
[WhiteElo "1961"]
[WhiteCountry "ESP"]
[WhiteFideId "32010117"]
[WhiteEloChange "-4"]
[BlackClock "1:30"]
[BlackTitle "FM"]
[BlackElo "2223"]
[BlackCountry "ESP"]
[BlackFideId "32028407"]
[BlackEloChange "4"]

1. d4 {[%clk 1:30:00]} e6 {[%clk 1:28:00]} 2. c4 {[%clk 1:30:00]} Nf6 {[%clk
1:29:00]} 3. Nc3 {[%clk 1:31:00]} Bb4 {[%clk 1:29:00]} 4. Qc2 {[%clk 1:30:00]} b6
{[%clk 1:29:00]} 5. e4 {[%clk 1:30:00]} c5 {[%clk 1:29:00]} 6. e5 {[%clk
1:30:00]} cxd4 {[%clk 1:29:00]} 7. a3 {[%clk 1:30:00]} Bxc3+ {[%clk 1:26:00]} 8.
bxc3 {[%clk 1:30:00]} Ng8 {[%clk 1:26:00]} 9. cxd4 {[%clk 1:30:00]} Bb7 {[%clk
1:26:00]} 10. Bb2 {[%clk 1:27:00]} Ne7 {[%clk 1:23:00]} 11. Ne2 {[%clk 1:22:00]}
Nbc6 {[%clk 1:15:00]} 12. Ng3 {[%clk 1:19:00]} Na5 {[%clk 0:40:00]} 13. Ne4
{[%clk 1:16:00]} Nf5 {[%clk 0:30:00]} 14. Bd3 {[%clk 1:07:00]} Rc8 {[%clk
0:27:00]} 15. c5 {[%clk 0:45:00]} Bd5 {[%clk 0:18:11]} 16. g4 {[%clk 0:31:00]}
Bxe4 {[%clk 0:17:38]} 17. Bxe4 {[%clk 0:31:00]} Ne7 {[%clk 0:17:25]} 18. Rc1
{[%clk 0:25:00]} Ng6 {[%clk 0:15:18]} 19. Qd3 {[%clk 0:22:00]} Qg5 {[%clk
0:11:58]} 20. Qg3 {[%clk 0:20:00]} bxc5 {[%clk 0:09:39]} 21. dxc5 {[%clk
0:16:38]} Rb8 {[%clk 0:07:07]} 22. h4 {[%clk 0:12:51]} Qd8 {[%clk 0:06:26]} 23.
Bd4 {[%clk 0:09:46]} Nb3 {[%clk 0:06:08]} 24. h5 {[%clk 0:05:20]} Ne7 {[%clk
0:05:19]} 25. Rd1 {[%clk 0:04:35]} Nxd4 {[%clk 0:05:27]} 26. Rxd4 {[%clk
0:04:58]} Qa5+ {[%clk 0:05:32]} 27. Kf1 {[%clk 0:04:27]} Qxc5 {[%clk 0:05:38]}
28. Rd6 {[%clk 0:02:12]} Nc8 {[%clk 0:03:32]} 29. Rd1 {[%clk 0:02:19]} Qc4+
{[%clk 0:02:02]} 30. Qd3 {[%clk 0:00:57]} Qxd3+ {[%clk 0:02:00]} 31. Bxd3 {[%clk
0:01:11]} Ke7 {[%clk 0:01:42]} 32. g5 {[%clk 0:01:07]} Rb3 {[%clk 0:01:19]} 33.
a4 {[%clk 0:00:52]} Ra3 {[%clk 0:00:48]} 34. Rh4 {[%clk 0:00:59]} Nb6 {[%clk
0:00:55]} 35. Bb5 {[%clk 0:00:52]} Rc8 {[%clk 0:01:02]} 36. g6 {[%clk 0:00:59]}
hxg6 {[%clk 0:01:05]} 37. hxg6 {[%clk 0:01:14]} fxg6 {[%clk 0:01:02]} 38. Rh7
{[%clk 0:00:53]} Rg8 {[%clk 0:00:51]} 39. Rd4 {[%clk 0:00:37]} Nd5 {[%clk
0:01:02]} 40. Rg4 {[%clk 0:00:39]} Ra2 {[%clk 0:00:45]} 41. Rxg6 {[%clk 0:00:37]}
Ra1+ {[%clk 0:00:45]} 0-1

[Event "Campeonato España Sub 18"]
[Site "Salobreña"]
[Date "2017.08.01"]
[Round "3"]
[White "Rottenwohrer Suarez, Juan"]
[Black "Martinez Lopez, Carlos"]
[Result "1/2-1/2"]
[Board "16"]
[WhiteClock "1:30"]
[WhiteTitle "CM"]
[WhiteElo "2214"]
[WhiteCountry "ESP"]
[WhiteFideId "32068182"]
[WhiteEloChange "-5"]
[BlackClock "1:30"]
[BlackElo "2034"]
[BlackCountry "ESP"]
[BlackFideId "32041659"]
[BlackEloChange "5"]

1. d4 {[%clk 1:30:00]} Nf6 {[%clk 1:29:00]} 2. c4 {[%clk 1:30:00]} c5 {[%clk
1:29:00]} 3. Nf3 {[%clk 1:29:00]} cxd4 {[%clk 1:29:00]} 4. Nxd4 {[%clk 1:29:00]}
e5 {[%clk 1:29:00]} 5. Nb5 {[%clk 1:27:00]} d5 {[%clk 1:28:00]} 6. cxd5 {[%clk
1:26:00]} Bc5 {[%clk 1:28:00]} 7. N5c3 {[%clk 1:19:00]} Qb6 {[%clk 1:17:00]} 8.
e3 {[%clk 1:17:00]} O-O {[%clk 1:16:00]} 9. Bc4 {[%clk 1:10:00]} e4 {[%clk
1:13:00]} 10. h3 {[%clk 0:56:00]} Qc7 {[%clk 1:10:00]} 11. Nd2 {[%clk 0:49:00]}
Qe5 {[%clk 1:08:00]} 12. Nb3 {[%clk 0:48:00]} Bb6 {[%clk 1:04:00]} 13. Bd2 {[%clk
0:38:00]} Na6 {[%clk 0:47:00]} 14. Qe2 {[%clk 0:32:00]} Nb4 {[%clk 0:39:00]} 15.
O-O-O {[%clk 0:30:00]} Nfxd5 {[%clk 0:38:00]} 16. Kb1 {[%clk 0:27:00]} Be6 {[%clk
0:37:00]} 17. Nxd5 {[%clk 0:11:57]} Nxd5 {[%clk 0:35:00]} 18. Bxd5 {[%clk
0:10:32]} Bxd5 {[%clk 0:35:00]} 19. Bc3 {[%clk 0:09:29]} Qe6 {[%clk 0:34:00]} 20.
Qg4 {[%clk 0:08:54]} Qxg4 {[%clk 0:34:00]} 21. hxg4 {[%clk 0:09:22]} Be6 {[%clk
0:34:00]} 22. g5 {[%clk 0:08:51]} Rfd8 {[%clk 0:29:00]} 23. Nd4 {[%clk 0:08:26]}
Bg4 {[%clk 0:27:00]} 24. Rdf1 {[%clk 0:06:57]} Bxd4 {[%clk 0:21:00]} 25. Bxd4
{[%clk 0:07:06]} Bf5 {[%clk 0:22:00]} 26. Rc1 {[%clk 0:06:13]} Rdc8 {[%clk
0:21:00]} 27. Rxc8+ {[%clk 0:05:37]} Bxc8 {[%clk 0:21:00]} 28. Rc1 {[%clk
0:05:50]} b6 {[%clk 0:21:00]} 29. Rc7 {[%clk 0:05:46]} Ba6 {[%clk 0:21:00]} 30.
b4 {[%clk 0:05:20]} Bd3+ {[%clk 0:22:00]} 31. Kb2 {[%clk 0:05:22]} a5 {[%clk
0:22:00]} 32. Bxb6 {[%clk 0:05:01]} axb4 {[%clk 0:22:00]} 33. Bc5 {[%clk
0:05:05]} Bc4 {[%clk 0:22:00]} 34. Ra7 {[%clk 0:04:36]} Rxa7 {[%clk 0:20:00]} 35.
Bxa7 {[%clk 0:05:03]} f6 {[%clk 0:19:11]} 36. gxf6 {[%clk 0:05:01]} gxf6 {[%clk
0:19:40]} 37. Bc5 {[%clk 0:05:12]} Kf7 {[%clk 0:20:00]} 38. Bxb4 {[%clk 0:05:30]}
Ke6 {[%clk 0:20:00]} 39. a4 {[%clk 0:05:20]} f5 {[%clk 0:20:00]} 40. Kc3 {[%clk
0:03:39]} Kd5 {[%clk 0:19:48]} 41. Bf8 {[%clk 0:02:46]} h5 {[%clk 0:19:48]} 42.
g3 {[%clk 0:02:30]} Be2 {[%clk 0:20:00]} 43. Kb4 {[%clk 0:02:36]} Kc6 {[%clk
0:20:00]} 44. Bg7 {[%clk 0:02:33]} Kb6 {[%clk 0:20:00]} 45. Be5 {[%clk 0:02:19]}
Ka6 {[%clk 0:21:00]} 46. Bc7 {[%clk 0:02:31]} Bg4 {[%clk 0:21:00]} 47. Kc5 {[%clk
0:02:45]} Be2 {[%clk 0:21:00]} 48. Kd5 {[%clk 0:01:23]} Bg4 {[%clk 0:21:00]} 49.
Ke5 {[%clk 0:01:53]} Kb7 {[%clk 0:22:00]} 50. Bd8 {[%clk 0:02:13]} Ka6 {[%clk
0:22:00]} 51. Kf4 {[%clk 0:02:33]} Kb7 {[%clk 0:22:00]} 52. Kg5 {[%clk 0:02:51]}
Ka6 {[%clk 0:22:00]} 1/2-1/2

[Event "Campeonato España Sub 18"]
[Site "Salobreña"]
[Date "2017.08.01"]
[Round "3"]
[White "Lacruz Algarate, Alvaro"]
[Black "Alves Garcia, Eric"]
[Result "1-0"]
[Board "17"]
[WhiteClock "1:30"]
[WhiteElo "2186"]
[WhiteCountry "ESP"]
[WhiteFideId "32025335"]
[WhiteEloChange "6"]
[BlackClock "1:30"]
[BlackElo "2033"]
[BlackCountry "ESP"]
[BlackFideId "24517364"]
[BlackEloChange "-6"]

1. e4 {[%clk 1:30:00]} e6 {[%clk 1:30:00]} 2. d4 {[%clk 1:31:00]} d5 {[%clk
1:31:00]} 3. Nc3 {[%clk 1:31:00]} Nf6 {[%clk 1:30:00]} 4. e5 {[%clk 1:31:00]}
Nfd7 {[%clk 1:31:00]} 5. f4 {[%clk 1:32:00]} c5 {[%clk 1:31:00]} 6. Nf3 {[%clk
1:32:00]} Nc6 {[%clk 1:32:00]} 7. Be3 {[%clk 1:32:00]} a6 {[%clk 1:32:00]} 8. Qd2
{[%clk 1:26:00]} b5 {[%clk 1:32:00]} 9. dxc5 {[%clk 1:16:00]} Bxc5 {[%clk
1:31:00]} 10. Bxc5 {[%clk 1:09:00]} Nxc5 {[%clk 1:31:00]} 11. Bd3 {[%clk
1:09:00]} Qa5 {[%clk 1:23:00]} 12. O-O {[%clk 1:07:00]} b4 {[%clk 1:22:00]} 13.
Ne2 {[%clk 1:07:00]} Qb6 {[%clk 1:23:00]} 14. Kh1 {[%clk 1:07:00]} Bb7 {[%clk
1:22:00]} 15. Ned4 {[%clk 0:41:00]} h5 {[%clk 1:13:00]} 16. Qe3 {[%clk 0:31:00]}
h4 {[%clk 1:09:00]} 17. h3 {[%clk 0:31:00]} Nxd4 {[%clk 1:09:00]} 18. Nxd4 {[%clk
0:31:00]} O-O-O {[%clk 1:04:00]} 19. c3 {[%clk 0:29:00]} Ne4 {[%clk 1:00:00]} 20.
Rfc1 {[%clk 0:27:00]} Kb8 {[%clk 0:59:00]} 21. cxb4 {[%clk 0:27:00]} Ka8 {[%clk
1:00:00]} 22. b5 {[%clk 0:25:00]} a5 {[%clk 0:57:00]} 23. b4 {[%clk 0:19:49]} a4
{[%clk 0:56:00]} 24. Bxe4 {[%clk 0:16:02]} dxe4 {[%clk 0:56:00]} 25. Rc5 {[%clk
0:16:27]} Rd7 {[%clk 0:54:00]} 26. Nc6 {[%clk 0:15:19]} Rc8 {[%clk 0:49:00]} 27.
Rac1 {[%clk 0:15:08]} Rd3 {[%clk 0:48:00]} 28. Qxe4 {[%clk 0:15:09]} Ra3 {[%clk
0:48:00]} 29. Qc4 {[%clk 0:14:25]} Rh8 {[%clk 0:47:00]} 30. Kh2 {[%clk 0:14:07]}
Rg3 {[%clk 0:47:00]} 31. Rc2 {[%clk 0:14:27]} g5 {[%clk 0:45:00]} 32. Na5 {[%clk
0:13:33]} gxf4 {[%clk 0:44:00]} 33. Nxb7 {[%clk 0:13:52]} Qxb7 {[%clk 0:43:00]}
34. Rc7 {[%clk 0:14:04]} Qd5 {[%clk 0:44:00]} 35. Rc8+ {[%clk 0:14:17]} Ka7
{[%clk 0:44:00]} 36. Qc7+ {[%clk 0:14:33]} Qb7 {[%clk 0:44:00]} 37. Qa5+ {[%clk
0:14:33]} 1-0

[Event "Campeonato España Sub 18"]
[Site "Salobreña"]
[Date "2017.08.01"]
[Round "3"]
[White "Aliane Diez, Aaron"]
[Black "Portela Peleteiro, Alberto"]
[Result "0-1"]
[Board "18"]
[WhiteClock "n/a"]
[WhiteElo "2024"]
[WhiteCountry "ESP"]
[WhiteFideId "22253807"]
[WhiteEloChange "-2"]
[BlackClock "n/a"]
[BlackTitle "FM"]
[BlackElo "2398"]
[BlackCountry "ESP"]
[BlackFideId "22276106"]
[BlackEloChange "2"]

1. c4 {[%clk 1:30:30]} e5 {[%clk 1:30:30]} 2. Nc3 {[%clk 1:30:30]} Nc6 {[%clk
1:30:30]} 3. e3 {[%clk 1:30:30]} g6 {[%clk 1:30:30]} 4. Nf3 {[%clk 1:30:30]} Bg7
{[%clk 1:30:30]} 5. d4 {[%clk 1:30:30]} d6 {[%clk 1:30:30]} 6. Be2 {[%clk
1:30:30]} Nge7 {[%clk 1:30:30]} 7. O-O {[%clk 1:30:30]} O-O {[%clk 1:30:30]} 8.
d5 {[%clk 1:30:30]} Nb8 {[%clk 1:30:30]} 9. e4 {[%clk 1:30:30]} h6 {[%clk
1:30:30]} 10. h3 {[%clk 1:26:47]} f5 {[%clk 1:29:01]} 11. a3 {[%clk 1:18:17]} a5
{[%clk 1:21:31]} 12. Rb1 {[%clk 1:17:46]} g5 {[%clk 1:21:31]} 13. Nd2 {[%clk
1:12:15]} f4 {[%clk 1:02:01]} 14. b4 {[%clk 1:08:45]} axb4 {[%clk 1:02:01]} 15.
axb4 {[%clk 1:08:45]} Nd7 {[%clk 1:02:01]} 16. Nb3 {[%clk 1:01:16]} Nf6 {[%clk
0:59:29]} 17. c5 {[%clk 0:58:45]} Ng6 {[%clk 0:59:00]} 18. Nd2 {[%clk 0:52:17]}
Nh4 {[%clk 0:43:31]} 19. Nf3 {[%clk 0:41:46]} Nxf3+ {[%clk 0:43:31]} 20. Bxf3
{[%clk 0:41:46]} Qe8 {[%clk 0:42:02]} 21. Be2 {[%clk 0:35:15]} Bd7 {[%clk
0:42:02]} 22. Bb2 {[%clk 0:33:46]} h5 {[%clk 0:40:32]} 23. f3 {[%clk 0:33:16]} g4
{[%clk 0:39:01]} 24. hxg4 {[%clk 0:32:46]} hxg4 {[%clk 0:39:01]} 25. Kf2 {[%clk
0:31:16]} Qg6 {[%clk 0:37:31]} 26. Ke1 {[%clk 0:30:46]} Kf7 {[%clk 0:37:01]} 27.
Kd2 {[%clk 0:29:16]} Rh8 {[%clk 0:37:01]} 28. Rh1 {[%clk 0:28:46]} Rxh1 {[%clk
0:26:31]} 29. Qxh1 {[%clk 0:28:46]} Bf8 {[%clk 0:26:31]} 30. Ba1 {[%clk 0:25:17]}
Nh5 {[%clk 0:26:00]} 31. Bc4 {[%clk 0:24:47]} Ng3 {[%clk 0:25:30]} 32. Qg1 {[%clk
0:24:47]} Qh5 {[%clk 0:25:30]} 33. Qf2 {[%clk 0:24:17]} 0-1

[Event "Campeonato España Sub 18"]
[Site "Salobreña"]
[Date "2017.08.01"]
[Round "3"]
[White "Bayo Milagro, Alvaro"]
[Black "Perez Perez , Gabriel"]
[Result "1-0"]
[Board "19"]
[WhiteClock "1:30"]
[WhiteTitle "FM"]
[WhiteElo "2288"]
[WhiteCountry "ESP"]
[WhiteFideId "22275240"]
[WhiteEloChange "3"]
[BlackClock "1:30"]
[BlackElo "2000"]
[BlackCountry "ESP"]
[BlackFideId "32089147"]
[BlackEloChange "-3"]

1. d4 {[%clk 1:30:00]} Nf6 {[%clk 1:30:00]} 2. c4 {[%clk 1:31:00]} g6 {[%clk
1:31:00]} 3. Nc3 {[%clk 1:31:00]} Bg7 {[%clk 1:31:00]} 4. e4 {[%clk 1:31:00]} d6
{[%clk 1:32:00]} 5. Nf3 {[%clk 1:32:00]} O-O {[%clk 1:32:00]} 6. Be2 {[%clk
1:32:00]} Na6 {[%clk 1:32:00]} 7. h3 {[%clk 1:29:00]} e5 {[%clk 1:33:00]} 8. d5
{[%clk 1:29:00]} Nc5 {[%clk 1:32:00]} 9. Qc2 {[%clk 1:30:00]} a5 {[%clk 1:32:00]}
10. g4 {[%clk 1:30:00]} c6 {[%clk 1:26:00]} 11. Be3 {[%clk 1:30:00]} cxd5 {[%clk
1:25:00]} 12. cxd5 {[%clk 1:29:00]} a4 {[%clk 1:19:00]} 13. Nd2 {[%clk 1:15:00]}
Bd7 {[%clk 1:07:00]} 14. Nc4 {[%clk 0:45:00]} Qc7 {[%clk 1:05:00]} 15. Na3 {[%clk
0:44:29]} Rfc8 {[%clk 0:55:00]} 16. f3 {[%clk 0:43:57]} Qa5 {[%clk 0:44:00]} 17.
Qd2 {[%clk 0:44:00]} Ne8 {[%clk 0:43:00]} 18. h4 {[%clk 0:42:00]} f5 {[%clk
0:40:00]} 19. gxf5 {[%clk 0:39:00]} gxf5 {[%clk 0:39:00]} 20. Rg1 {[%clk
0:40:00]} f4 {[%clk 0:38:00]} 21. Bf2 {[%clk 0:40:00]} Kh8 {[%clk 0:37:00]} 22.
Rc1 {[%clk 0:37:00]} Qd8 {[%clk 0:28:00]} 23. Ncb5 {[%clk 0:31:00]} Bxb5 {[%clk
0:21:00]} 24. Nxb5 {[%clk 0:32:00]} b6 {[%clk 0:20:00]} 25. Kd1 {[%clk 0:26:00]}
Nc7 {[%clk 0:19:30]} 26. Na3 {[%clk 0:27:00]} Bf6 {[%clk 0:19:03]} 27. Rh1 {[%clk
0:26:00]} Ra7 {[%clk 0:14:38]} 28. h5 {[%clk 0:24:00]} h6 {[%clk 0:14:52]} 29.
Rg1 {[%clk 0:24:00]} Bg5 {[%clk 0:15:08]} 30. Bf1 {[%clk 0:23:00]} Rb8 {[%clk
0:14:20]} 31. Qb4 {[%clk 0:22:00]} Qe8 {[%clk 0:13:30]} 32. Rh1 {[%clk 0:22:00]}
N7a6 {[%clk 0:10:45]} 33. Qb5 {[%clk 0:21:00]} Qxb5 {[%clk 0:09:54]} 34. Nxb5
{[%clk 0:19:35]} Rd7 {[%clk 0:10:23]} 35. a3 {[%clk 0:18:07]} Nc7 {[%clk
0:08:16]} 36. Na7 {[%clk 0:14:55]} Rg7 {[%clk 0:06:50]} 37. Nc6 {[%clk 0:14:52]}
Ra8 {[%clk 0:06:49]} 38. Rc4 {[%clk 0:14:49]} N7a6 {[%clk 0:06:26]} 39. Nb4
{[%clk 0:14:01]} Nc7 {[%clk 0:05:27]} 40. Na2 {[%clk 0:13:15]} Bd8 {[%clk
0:04:27]} 41. Nc3 {[%clk 0:10:36]} Ra5 {[%clk 0:03:58]} 42. Bxc5 {[%clk 0:10:30]}
bxc5 {[%clk 0:04:11]} 43. Rxa4 {[%clk 0:10:41]} Rxa4 {[%clk 0:04:26]} 44. Nxa4
{[%clk 0:11:10]} Ne8 {[%clk 0:04:17]} 45. Nc3 {[%clk 0:11:11]} Ba5 {[%clk
0:04:29]} 46. Nb5 {[%clk 0:11:18]} Rg3 {[%clk 0:02:27]} 47. Ke2 {[%clk 0:11:02]}
Kg7 {[%clk 0:02:16]} 48. Bh3 {[%clk 0:11:14]} Kf8 {[%clk 0:01:57]} 49. Kf2 {[%clk
0:10:37]} Ke7 {[%clk 0:02:04]} 50. Na7 {[%clk 0:08:37]} Kf6 {[%clk 0:01:12]} 51.
Bf5 {[%clk 0:07:51]} Bd2 {[%clk 0:00:51]} 52. Bg4 {[%clk 0:03:19]} c4 {[%clk
0:00:37]} 53. Nb5 {[%clk 0:03:32]} Ke7 {[%clk 0:00:49]} 54. Ke2 {[%clk 0:01:56]}
Rg2+ {[%clk 0:01:03]} 55. Kf1 {[%clk 0:02:22]} Rg3 {[%clk 0:01:27]} 56. Nc3
{[%clk 0:01:44]} Bxc3 {[%clk 0:01:11]} 57. bxc3 {[%clk 0:01:50]} Kd8 {[%clk
0:00:41]} 58. Kf2 {[%clk 0:01:28]} Nf6 {[%clk 0:00:37]} 59. Bf5 {[%clk 0:01:09]}
Rg7 {[%clk 0:00:49]} 60. Rb1 {[%clk 0:01:05]} Nxh5 {[%clk 0:00:40]} 61. Rb8+
{[%clk 0:01:26]} Kc7 {[%clk 0:01:08]} 62. Rc8+ {[%clk 0:01:27]} Kb7 {[%clk
0:01:32]} 63. Rxc4 {[%clk 0:01:40]} Rc7 {[%clk 0:01:09]} 64. Rb4+ {[%clk
0:01:55]} Ka6 {[%clk 0:01:34]} 65. c4 {[%clk 0:01:54]} Nf6 {[%clk 0:01:42]} 66.
Bg6 {[%clk 0:01:34]} Rb7 {[%clk 0:00:47]} 67. Bf5 {[%clk 0:01:06]} Rc7 {[%clk
0:00:50]} 68. Rb8 {[%clk 0:01:10]} Rxc4 {[%clk 0:00:33]} 69. Rd8 {[%clk 0:01:39]}
Rc2+ {[%clk 0:00:14]} 70. Ke1 {[%clk 0:02:09]} Nh5 {[%clk 0:00:43]} 71. Rxd6+
{[%clk 0:02:21]} Kb7 {[%clk 0:00:13]} 72. Rxh6 {[%clk 0:01:13]} Ng3 {[%clk
0:01:27]} 73. Bg4 {[%clk 0:01:56]} Rc3 {[%clk 0:00:43]} 74. d6 {[%clk 0:02:16]}
Rxa3 {[%clk 0:00:31]} 75. d7 {[%clk 0:02:31]} Rd3 {[%clk 0:00:59]} 76. Rh8 {[%clk
0:02:50]} 1-0

[Event "Campeonato España Sub 18"]
[Site "Salobreña"]
[Date "2017.08.01"]
[Round "3"]
[White "Ros Alonso, Jaume"]
[Black "Nieves Cabanes, Jose Manuel"]
[Result "1-0"]
[Board "20"]
[WhiteClock "1:30"]
[WhiteElo "2006"]
[WhiteCountry "ESP"]
[WhiteFideId "32013418"]
[WhiteEloChange "17"]
[BlackClock "1:30"]
[BlackTitle "FM"]
[BlackElo "2277"]
[BlackCountry "ESP"]
[BlackFideId "22245715"]
[BlackEloChange "-17"]

1. e4 {[%clk 1:30:00]} e5 {[%clk 1:30:00]} 2. Nf3 {[%clk 1:31:00]} Nc6 {[%clk
1:31:00]} 3. Bb5 {[%clk 1:31:00]} a6 {[%clk 1:31:00]} 4. Ba4 {[%clk 1:31:00]} Nf6
{[%clk 1:31:00]} 5. O-O {[%clk 1:31:00]} Be7 {[%clk 1:31:00]} 6. Re1 {[%clk
1:32:00]} b5 {[%clk 1:31:00]} 7. Bb3 {[%clk 1:32:00]} d6 {[%clk 1:31:00]} 8. c3
{[%clk 1:31:00]} O-O {[%clk 1:31:00]} 9. d4 {[%clk 1:31:00]} Bg4 {[%clk 1:25:00]}
10. Be3 {[%clk 1:30:00]} Bh5 {[%clk 1:19:00]} 11. h3 {[%clk 1:29:00]} exd4 {[%clk
1:04:00]} 12. cxd4 {[%clk 1:29:00]} d5 {[%clk 1:03:00]} 13. e5 {[%clk 1:29:00]}
Ne4 {[%clk 1:02:00]} 14. Nc3 {[%clk 1:28:00]} Nxc3 {[%clk 1:00:00]} 15. bxc3
{[%clk 1:29:00]} Na5 {[%clk 0:58:29]} 16. Bc2 {[%clk 1:28:00]} Nc4 {[%clk
0:58:00]} 17. g4 {[%clk 1:27:00]} Bg6 {[%clk 0:57:00]} 18. Bf5 {[%clk 1:26:00]}
c5 {[%clk 0:53:00]} 19. Qe2 {[%clk 1:12:00]} Qa5 {[%clk 0:44:00]} 20. dxc5 {[%clk
1:02:00]} Nxe3 {[%clk 0:43:00]} 21. Qxe3 {[%clk 1:01:31]} Qc7 {[%clk 0:41:00]}
22. e6 {[%clk 0:54:00]} Bxc5 {[%clk 0:40:00]} 23. Nd4 {[%clk 0:53:00]} Rae8
{[%clk 0:30:00]} 24. Qg5 {[%clk 0:44:00]} Bxf5 {[%clk 0:20:00]} 25. gxf5 {[%clk
0:43:00]} Bxd4 {[%clk 0:19:29]} 26. cxd4 {[%clk 0:43:00]} fxe6 {[%clk 0:18:59]}
27. Rxe6 {[%clk 0:29:00]} Qc3 {[%clk 0:15:35]} 28. Rc1 {[%clk 0:26:00]} Qxd4
{[%clk 0:05:07]} 29. f6 {[%clk 0:22:00]} g6 {[%clk 0:03:26]} 30. Qh6 {[%clk
0:17:47]} Qa7 {[%clk 0:03:47]} 31. Rxa6 {[%clk 0:16:15]} Qf7 {[%clk 0:03:24]} 32.
Rac6 {[%clk 0:09:57]} Rd8 {[%clk 0:02:36]} 33. Re1 {[%clk 0:08:52]} g5 {[%clk
0:01:06]} 34. Re7 {[%clk 0:08:22]} Qg6 {[%clk 0:01:29]} 35. Rg7+ {[%clk 0:08:22]}
1-0